000 00724nam a2200229Ia 4500
001 3101
003 GE_BSU
008 181216s||||||||xx |||||||||||||| ||und||
040 _cGE_BSU
080 _a662.6/9(038)
100 _aПапок,К.К. Рагозин,Н.А.
245 _aСловарь по топливам,маслам,смазкам,присадкам и специальным жидкостям.
245 _bХиммологический словарь.
245 _cРед.С.И.Бабушкина.
250 _aИзд 4-ое, перераб.и доп.
260 _aМ.
260 _bХимия.
260 _c1975.
300 _a392 стр.
300 _e244 таб. 114 рис.
942 _cBK
999 _c37145
_d37145